000 00566nam a2200169 4500
001 127771
003 ES-MaACL
005 20230906193100.0
007 t|
008 070214s1980 ag r ||||1| spa d
100 1 _aRivacoba y Rivacoba, Manuel de.
_997535
245 1 0 _aRelaciones del Derecho penal con el Derecho político /
_cpor Manuel de Rivacoba y Rivacoba.
260 _aBuenos Aires :
_bDepalma,
_c1980.
300 _a8 h. ;
_c21 cm.
500 _aEs tirada aparte de: Doctrina Penal, nº 11, 1980, p. 595-609.
852 _aES-MaACL
_j2120-F-11
_bR.102439
999 _c127771
_d127771